02117nam a22002537a 450000500170000000800410001702000180005804000070007604100080008308200210009110000320011224500230014426000380016730000270020536500560023252012250028865000340151365000370154765000320158470000330161694200120164999900190166195201830168020251208093023.0220909b ||||| |||| 00| 0 eng d a9789390122585 cAL aeng 223a820.33bKUTS aAkkineni Kutumbarao9248173 aSoftly dies a lake aHyderabadbOrient Blackswanc2020 axxii,200pbPBc21x14cm 2Englisha3496b331.50c₹d425.00e22%f09-08-2022 aAn elegy to kolleru, one of India’s largest freshwater lakes located in Andhra Pradesh, akkineni kutumbarao’s novel kolleti jadalu vividly brings alive the villages and people whose lives are woven inseparably with the lake. Swamped by water, this is the precarious life-world of a people in a constant struggle to survive in an environment that is nurturing and bountiful, yet unpredictable and hostile. The story of the lake and the people whose lives and hopes, joys and sorrows depend on it is told through the eyes of five-year-old seen. With dry humour, gentle irony and profound human empathy, kutumbarao details a little-known and rich world, brutally destroyed as the market ultimately triumphs over nature. Softly dies a lake is at once memory, history, tribute, lament, apology and penance; to a childhood, to a lake, to a people, to a vital but lost way of life. The translation by veteran feminist rights activist and writer, Vasanth kannabiran, seamlessly brings to us the world of kolleru in all its transient beauty. This memoir reminds us of ecology mantra—everything is connected—and is a must-read for all lovers of literature and everyone who feels responsible for their only home: the Earth. aIndian English Fiction956961 aIndian English Literature956962 aTelugu Tr in English956963 aVasanth Kannabiran Tr956965 2ddccBK c224546d224546 00102ddc40708ENGaALbALd2022-08-11eBiblios Book Point, Surathkal, Mangalore-575014g331.50l1o820.33 KUTSp075988r2022-12-12 00:00:00s2022-10-13v425.00w2022-09-09yBK